000 00575nam a2200181Ia 4500
003 GCL
008 140319s9999 xx 000 0 ara d
040 _aGCL /
_cGCL
082 0 4 _a200.1
_bم د
100 1 _aمحمد العريبى
245 1 0 _aالديانات الوضعية الحية فى الشرقين الادنى والاقصى /
_cمحمد العريبى
300 _a302 ص
490 _aموسوعة الاديان السماوية والوضعية
_v0
650 0 4 _aالديانات
650 0 4 _aالدين
650 0 4 _aالاديان
942 _2ddc
_cBK
999 _c48232
_d48232